Normal view MARC view

Entry Personal Name

Number of records used in: 2

001 - CONTROL NUMBER

  • control field: 24225

003 - CONTROL NUMBER IDENTIFIER

  • control field: dpl

005 - DATE AND TIME OF LATEST TRANSACTION

  • control field: 20101110160634.0

008 - FIXED-LENGTH DATA ELEMENTS

  • fixed length control field: 101110|||a|||||| | ||| d

040 ## - CATALOGING SOURCE

  • Original cataloging agency: dpl
  • Transcribing agency: dpl

100 ## - HEADING--PERSONAL NAME

  • Personal name: Telang, Madhur Kumar

670 ## - SOURCE DATA FOUND

  • Source citation: Work cat.: (dpl)35693: Telang, Madhur Kumar , Diploma in computer application (D.C.A.) /, 2009

670 ## - SOURCE DATA FOUND

  • Source citation: Work cat.: (dpl)35693: Telang, Madhur Kumar , Diploma in computer application (D.C.A.) /, 2009

© Delhi Public Library
Hit Counter
free hit counter